Music in the United States: an historical introduction
Bewaard in:
| Hoofdauteur: | |
|---|---|
| Formaat: | Boek |
| Taal: | Engels |
| Gepubliceerd in: |
Englewood Cliffs
Prentice-Hall
1969
|
| Onderwerpen: | |
| Tags: |
Voeg label toe
Geen labels, Wees de eerste die dit record labelt!
|
MARC
| LEADER | 00000nam a2200000 a 4500 | ||
|---|---|---|---|
| 001 | UCW2350 | ||
| 003 | CL-VaPUC | ||
| 008 | 890720e19690000US |||||||||||||||||eng|d | ||
| 082 | 0 | 4 | |a 780.973 |b HIT |2 21 |
| 100 | 0 | |a Hitchcock, Hught Wiley |e author |9 306387 | |
| 245 | 1 | 0 | |a Music in the United States: an historical introduction |
| 300 | |a 270 p | ||
| 942 | |c BK | ||
| 945 | |d 19890720 00:00:00 | ||
| 260 | |a Englewood Cliffs |b Prentice-Hall |c 1969 | ||
| 650 | 7 | |a MUSICA ESTADOUNIDENSE HISTORIA Y CRITICA |2 CL-VaPUC |9 306388 | |
| 583 | |a last modification |c 20120530 11:31:14 |k Rodrigo Vera | ||
| 999 | |c 216906 |d 216904 | ||
| 952 | |0 0 |1 0 |4 0 |6 780_973000000000000_HIT_1969 |7 0 |8 A |9 203309 |a BIBEDU |b BIBEDU |d 2019-11-15 |i 2705613 |o 780.973 HIT 1969 |p 2705613 |r 2023-01-12 |w 2019-11-15 |y BK |k MUS | ||